Sedemnásta konferencia-Vláknotvorné polyméry a ich spracovanie : Vysoké Tatry,Tatranská Lomnica 4.-5.5.1988

Salvato in:
Dettagli Bibliografici
Natura: Libro
Pubblicazione: Košice : Dom techniky, 1988
Tags: Aggiungi Tag
Nessun Tag, puoi essere il primo ad aggiungerne!!

MARC

LEADER 00000nam a22000003a 4500
001 stu20285
005 20150408181436.7
008 ------s1988----cs----------------------d
040 |a STU  |b slo 
041 0
044 |a cs 
080 |a 677.494.7/082.1/ 
245 |a Sedemnásta konferencia-Vláknotvorné polyméry a ich spracovanie :  |b Vysoké Tatry,Tatranská Lomnica 4.-5.5.1988 
260 |a Košice :  |b Dom techniky,  |c 1988 
300 |a 248 s :  |b Obr.,tab.,grafy 
996 |b CK87  |c C*K87  |l CCXXIVB  |s P  |a 0  |w stu20285_0001 
996 |b CK88  |c C*K88  |l CCXXIVB  |s P  |a 0  |w stu20285_0002